Inter-tissue and inter-species comparison of butyrylcholinesterases

Bibliographic Details
Main Authors: Paulíková, Ingrid, 1952-2018 (Author), Devínsky, Ferdinand (Author), Helia, Otto, 1940- (Author), Hrabovská, Anna (Author)
Format: Article
Language:English

MARC

LEADER 00000nab a2200000uu 4500
001 vtls011451696
003 SK-MaSNL
005 20260303172426.0
008 230213|2006 xo |||||||||||||||||eng|
015 |a SNBRB 
035 |a (urnnbn)urn:nbn:sk:snk:ar-0076ic 
035 |a (uuid)3f3a098e-64a9-4362-81b7-4c783fbf0f8d 
035 |a urn:nbn:sk:snk-abcnlj 
040 |a SNKBUCL  |b slo  |c SNKBUCL  |e AACR2 
041 0 |a eng 
044 |a xo  |c SK 
100 1 |a Paulíková, Ingrid,  |d 1952-2018  |4 aut  |9 48426 
245 1 0 |a Inter-tissue and inter-species comparison of butyrylcholinesterases  |c Ingrid Pauliková, Anna Hrabovská, Otto Helia, Ferdinand Devínsky 
700 1 |a Devínsky, Ferdinand  |4 aut  |9 810564 
700 1 |a Helia, Otto,  |d 1940-  |4 aut  |9 27917 
700 1 |a Hrabovská, Anna  |4 aut  |9 9998 
773 0 |t Biologia : journal of the Slovak Academy of Sciences  |g Roč. 61, č. 6 (2006), s. 709-712 
954 |a odborná, vedecká literatúra pôvodná (slovenská)  |2 lita 
958 |a OND 
958 |a EUIPO 
958 |a article16 
999 |c 2086421  |d 2088351